Pokémons Tortues - Statistiques

Statistiques générales
  • Ce quiz a été pris 83 fois
    75 depuis la dernière actualisation
  • Le résultat moyen est 11 sur 18
Statistiques - réponses
Hint Réponse % Correct
Gen 1 Carabaffe
94%
Gen 1 Carapuce
94%
Gen 1 Tortank
94%
Gen 4 Tortipous
90%
Gen 4 Torterra
89%
Gen 4 Boskara
87%
Gen 5 Carapagos
76%
Gen 5 Mégapagos
70%
Gen 3 Chartor
62%
Gen 8 Torgamord
62%
Gen 8 Khélocrok
59%
Gen 9 Terapagos
59%
Gen 7 Boumata
57%
Gen 2 Caratroc
52%
Gen 1 Bulbizarre
27%
Gen 1 Florizarre
27%
Gen 1 Herbizarre
27%
Gen 6 Séracrawl
16%
Aucun quiz correspondant
Distribution des résultats
% des personnes avec chaque résultat
Percentile par nombre de réponses
Votre historique - résultats
Vous n’avez pas pris ce quiz depuis la dernière actualisation